000 00819cab a2200229 4500
001 WB3311-43
008 090401t1997 xxu||||| |||| 00| 0 eng d
035 _a(Sirsi) u77059
041 _aeng
245 2 _aA code of conduct for planning
260 _c1997
350 _a0
490 _aBuilding Design
_v(1298) 7 March 1997, 4(1)
520 _aOxford Brookes University has prepared some procedure and conduct recommendations for the Royal Town Planning Institute. The report, `The Role of Elected Members in Plan Making and Development Control` can be purchased from the RTPI, £25.
650 _aCODE OF CONDUCT
650 _aDEVELOPMENT CONTROL
650 _aPLANNING PROCEDURES
650 _aROYAL TOWN PLANNING INSTITUTE
690 _aPLANNING LAW AND PRACTICE
942 _n0
948 _c13/03/1997
999 _c48426
_d48426